| 000 | 00468nam a22001817a 4500 | ||
|---|---|---|---|
| 999 |
_c6593 _d6593 |
||
| 003 | GBCCL | ||
| 005 | 20241126110606.0 | ||
| 008 | 180521b ||||| |||| 00| 0 eng d | ||
| 040 | _cgbc | ||
| 082 |
_a813.54 _bDOU |
||
| 100 |
_aDouglas, Gilbert _911799 |
||
| 245 |
_aHard to tackle / _cGilbert Douglas |
||
| 250 | _a2nd printing | ||
| 260 |
_aNew York: _bThomas Y. Crowell, _c1956 |
||
| 300 |
_a208 p.; _c20 cm. |
||
| 650 |
_aFiction, English _911800 |
||
| 942 |
_2ddc _cBK |
||